• 首页
  • 本馆介绍
  • 公告通知
  • 最新文献
  • 馆藏检索
  • 电子资源
  • 读者导购
  • 参考咨询
  • 我的图书馆
  • 登录
  • 详细信息显示
  • 放入我的书架
  • 预约/预借图书
  • 作者相关作品
  • 分类相关作品
  • 丛书相关作品
  • 出版社相关作品

书目信息

  • 表格格式
  • 工作单格式
  • 卡片格式
题名:
汉朝其实很有趣
    
 
作者: 宛梦 编著
分册:  
出版信息: 北京   中国华侨出版社  2020.12
页数: 245页
开本: 21cm
丛书名:
单 册:
中图分类: K234.09
科图分类:
主题词: 中国历史--zhong guo li shi--汉代--通俗读物
电子资源:
ISBN: 978-7-5113-8209-2
000 01056nam0 2200229 450
001 2156267628
005 20211011172911.0
010    @a978-7-5113-8209-2@dCNY38.00
100    @a20210220d2020 em y0chiy0120 ea
101 0  @achi
102    @aCN@b110000
105    @ay z 000yy
106    @ar
200 1  @a汉朝其实很有趣@Ahan chao qi shi hen you qu@f宛梦编著
210    @a北京@c中国华侨出版社@d2020.12
215    @a245页@d21cm
330    @a汉朝是中国历史上一个非常重要的朝代,具有着先进的文明,和约略同时期的欧洲罗马帝国并列为当时世界上的强大帝国。本书记述了从楚汉相争到三国鼎立之间的汉朝兴亡史,以轻松幽默的文字形式意欲带领读者回到那个历史时代,了解那段历史。本书力图通过对汉朝400年间重要事件和重要人物的回顾和反思,帮助读者探寻中华民族兴衰的因由与契机,感受当年的雄浑质朴、清丽温婉。一书在手,遍阅两汉王朝恢弘壮丽的历史;一卷在手,尽览大汉帝国400年的盛世传奇。
606 0  @a中国历史@Azhong guo li shi@z汉代@j通俗读物
690    @aK234.09@v5
701  0 @a宛梦@Awan meng@4编著
801  0 @aCN@b百万庄@c20211006
905    @b1305326-29@dK234.09@e115@f4
    
    汉朝其实很有趣/宛梦编著.-北京:中国华侨出版社,2020.12
    245页;21cm
    
    
    ISBN 978-7-5113-8209-2:CNY38.00
    汉朝是中国历史上一个非常重要的朝代,具有着先进的文明,和约略同时期的欧洲罗马帝国并列为当时世界上的强大帝国。本书记述了从楚汉相争到三国鼎立之间的汉朝兴亡史,以轻松幽默的文字形式意欲带领读者回到那个历史时代,了解那段历史。本书力图通过对汉朝400年间重要事件和重要人物的回顾和反思,帮助读者探寻中华民族兴衰的因由与契机,感受当年的雄浑质朴、清丽温婉。一书在手,遍阅两汉王朝恢弘壮丽的历史;一卷在手,尽览大汉帝国400年的盛世传奇。
●
相关链接 在E读中查询图书 在五车中查询图书 在当当中查询图书 在豆瓣中查询图书


正题名:汉朝其实很有趣     索取号:K234.09/115         预约/预借

序号 登录号 条形码 馆藏地/架位号 状态 备注
1 1305326   213053265   第二样本阅览室/ [索取号:K234.09/115] 在馆    
2 1305327   213053274   第二借阅区/ [索取号:K234.09/115] 在馆    
3 1305328   213053283   第二借阅区/ [索取号:K234.09/115] 在馆    
4 1305329   213053292   第二借阅区/ [索取号:K234.09/115] 在馆    
唐山师范学院图书馆 欢迎您!
大连网信软件有限公司© 版权所有